M.E.G.-2,British Drama / (Record no. 181844)

MARC details
000 -LEADER
fixed length control field 00719nam a22002057a 4500
005 - DATE AND TIME OF LATEST TRANSACTION
control field 20211007110949.0
010 ## - LCCN (DPL NO)
LC control number B-741710
020 ## - INTERNATIONAL STANDARD BOOK NUMBER
International Standard Book Number 9789353793128
Terms of availability 450.00
035 ## - SYSTEM CONTROL NUMBER
System control number B-741710
037 ## - SOURCE OF ACQUISITION
Stock number Gift
082 ## - DEWEY DECIMAL CLASSIFICATION NUMBER
Classification number 882.08
100 ## - MAIN ENTRY--PERSONAL NAME
Personal name Rakesh Ranjan
245 ## - TITLE STATEMENT
Title M.E.G.-2,British Drama /
Statement of responsibility, etc Rakesh Ranjan
260 ## - PUBLICATION, DISTRIBUTION, ETC. (IMPRINT)
Place of publication, distribution, etc Delhi
Name of publisher, distributor, etc Neeraj Publications
Date of publication, distribution, etc 202?
270 ## - ADDRESS
Address 1507,Ist Floor,Nai Sarak
City Delhi
Postal code 110006
Telephone number 011-23260329,45704411, 23244362, 23285501
Electronic mail address info@neerajignoubooks.com
300 ## - PHYSICAL DESCRIPTION
Extent 344p.
Dimensions 24cm(pbk)
500 ## - GENERAL NOTE
General note I.G.N.O.U. Based<br/><br/>Queation Bank Cum Chapterwise Reference Book
942 ## - ADDED ENTRY ELEMENTS (KOHA)
Source of classification or shelving scheme Dewey Decimal Classification
Item type English Books
Call number suffix RAK
Classification part 882.08
Holdings
Withdrawn status Lost status Not for loan Collection code Home library Current library Date acquired Source of acquisition Cost, normal purchase price Full call number Barcode Copy number Cost, replacement price Koha item type Public note
      Non-fiction Ashok Vihar Ashok Vihar 07/10/2021 Gift/4.10.2021 450.00 882.08 RAK B-741710 1 450.00 English Books Gift

© Delhi Public Library
Hit Counter
free hit counter